La Cruzada de los Treinta y Tres / (Registro nro. 5552)
[ vista simple ]
| 000 -CABECERA | |
|---|---|
| campo de control de longitud fija | 00859nam a2200229 a 4500 |
| 001 - NÚMERO DE CONTROL | |
| campo de control | 000005756 |
| 005 - FECHA Y HORA DE LA ÚLTIMA TRANSACCIÓN | |
| campo de control | 20200929151754.0 |
| 008 - DATOS DE LONGITUD FIJA--INFORMACIÓN GENERAL | |
| campo de control de longitud fija | 811223s1976 uy b f001 0 spa |
| 040 ## - FUENTE DE LA CATALOGACIÓN | |
| Centro catalogador/agencia de origen | DO-SdBNP |
| Centro/agencia transcriptor | spa |
| Centro/agencia modificador | BNPHU |
| 082 ## - NÚMERO DE LA CLASIFICACIÓN DECIMAL DEWEY | |
| Número de clasificación | 989.504 |
| Número de documento/Ítem | A675c |
| 100 1# - ENTRADA PRINCIPAL--NOMBRE DE PERSONA | |
| Nombre de persona | Arcos Ferrand, Luis, |
| Fechas asociadas al nombre | 1891-1938. |
| 9 (RLIN) | 16293 |
| 245 13 - MENCIÓN DE TÍTULO | |
| Título | La Cruzada de los Treinta y Tres / |
| Mención de responsabilidad, etc. | Luis Arcos Ferrand ; prólogo, Elisa Silva Cazet. |
| 260 ## - PUBLICACIÓN, DISTRIBUCIÓN, ETC. | |
| Lugar de publicación, distribución, etc. | Montevideo, Uruguay : |
| Nombre del editor, distribuidor, etc. | Ministerio de Educación y Cultura, |
| Fecha de publicación, distribución, etc. | 1976. |
| 300 ## - DESCRIPCIÓN FÍSICA | |
| Extensión | lii, 265 p. ; |
| Dimensiones | 20 cm. |
| 490 1# - MENCIÓN DE SERIE | |
| Mención de serie | Biblioteca Artigas |
| 490 1# - MENCIÓN DE SERIE | |
| Mención de serie | Clásicos uruguayos |
| Designación de volumen o secuencia | vol. 151 |
| 504 ## - NOTA DE BIBLIOGRAFÍA, ETC. | |
| Nota de bibliografía, etc. | Incluye referencias bibliográficas. |
| 651 #4 - PUNTO DE ACCESO ADICIONAL DE MATERIA--NOMBRE GEOGRÁFICO | |
| Nombre geográfico | Uruguay |
| Subdivisión general | Historia |
| -- | Independencia, |
| Subdivisión cronológica | 1810-1828. |
| 9 (RLIN) | 16294 |
| 700 1# - PUNTO DE ACCESO ADICIONAL--NOMBRE DE PERSONA | |
| Nombre de persona | Silva Cazet, Elisa, |
| Término indicativo de función/relación | pról. |
| 9 (RLIN) | 16295 |
| 830 #0 - PUNTO DE ACCESO ADICIONAL DE SERIE-TÍTULO UNIFORME | |
| Título uniforme | Biblioteca Artigas. |
| Nombre de parte o sección de la obra | clásicos uruguayos ; |
| Designación de volumen o secuencia | vol. 151. |
| 9 (RLIN) | 16286 |
| 910 ## - DATOS DE OPCIÓN DEL USUARIO (OCLC) | |
| Datos de opción del usuario | Original |
| Estado de retiro | Estado de pérdida | Restricciones de uso | No para préstamo | Código de colección | Localización permanente | Ubicación/localización actual | Ubicación en estantería | Fecha de adquisición | Número de inventario | Total de préstamos | Signatura topográfica completa | Código de barras | Fecha visto por última vez | Precio válido a partir de | Tipo de ítem Koha |
|---|---|---|---|---|---|---|---|---|---|---|---|---|---|---|---|
| Excluido de préstamo | Monografías: Libros y Folletos | General | General | Depósito | 22.08.2009 | LF1 | 989.504 A675c | 5756-10 | 25.06.2020 | 25.06.2020 | No se presta |
